000
00270nam a22001217a 4500
008
170907b xxu||||| |||| 00| 0 eng d
041
_a
eng
080
_a
72
100
_a
41
101
_a
ARK
245
_a
CABINETMAKUNG AND MILWORK
_c
FREIRER.J.L
942
_2
udc
_c
BK
999
_c
26456
_d
26456